Introduction to data communications and networking / (Record no. 388)
[ view plain ]
| 000 -LEADER | |
|---|---|
| fixed length control field | 01087nac a22002531u 4500 |
| 010 ## - LIBRARY OF CONGRESS CONTROL NUMBER | |
| LC control number | 2004274831 |
| 020 ## - INTERNATIONAL STANDARD BOOK NUMBER | |
| International Standard Book Number | 0130138282 (hb) |
| 035 ## - SYSTEM CONTROL NUMBER | |
| System control number | (CStRLIN)RIBGB35388158-B |
| 035 ## - SYSTEM CONTROL NUMBER | |
| System control number | (OCoLC)56069547 |
| 035 ## - SYSTEM CONTROL NUMBER | |
| System control number | (RPB)b35388158 |
| 082 ## - DEWEY DECIMAL CLASSIFICATION NUMBER | |
| Classification number | 004.6 |
| Item number | T6557 |
| 090 ## - LOCALLY ASSIGNED LC-TYPE CALL NUMBER (OCLC); LOCAL CALL NUMBER (OCLC) | |
| -- | 388 |
| -- | 388 |
| 100 ## - MAIN ENTRY--PERSONAL NAME | |
| Personal name | Tomasi, Wayne. |
| 245 10 - TITLE STATEMENT | |
| Title | Introduction to data communications and networking / |
| Statement of responsibility, etc | Wayne Tomasi. |
| 260 ## - PUBLICATION, DISTRIBUTION, ETC. (IMPRINT) | |
| Place of publication, distribution, etc | Upper Saddle River, N.J. : |
| Name of publisher, distributor, etc | Pearson/Prentice Hall, |
| Date of publication, distribution, etc | c2005. |
| 300 ## - PHYSICAL DESCRIPTION | |
| Extent | xvii, 967 p. : |
| Other physical details | ill. (some col.) ; |
| Dimensions | 27 cm. |
| 500 ## - GENERAL NOTE | |
| General note | Includes index. |
| 650 #0 - SUBJECT ADDED ENTRY--TOPICAL TERM | |
| Topical term or geographic name as entry element | Data transmission systems. |
| 650 #0 - SUBJECT ADDED ENTRY--TOPICAL TERM | |
| Topical term or geographic name as entry element | Computer networks. |
| 942 ## - ADDED ENTRY ELEMENTS (KOHA) | |
| Item type | Book - Borrowing |
| Call number prefix | 004.6T6557 |
| Withdrawn status | Item status | Source of classification or shelving scheme | Damaged status | Not for loan | Vendor | Home library | Current library | Shelving location | Date acquired | Source of acquisition | Cost, normal purchase price | Total Checkouts | Full call number | Barcode | Date last seen | Cost, replacement price | Koha item type |
|---|---|---|---|---|---|---|---|---|---|---|---|---|---|---|---|---|---|
| Dewey Decimal Classification | Central Library | Central Library | Lower Floor | 09/04/2006 | 317.00 | 004.6 TOM | 000004246 | 15/07/2025 | 396.25 | Book - Borrowing | |||||||
| Dewey Decimal Classification | Central Library | Central Library | Lower Floor | 09/04/2006 | 317.00 | 004.6 TOM | 000004245 | 15/07/2025 | 396.25 | Book - Borrowing | |||||||
| Dewey Decimal Classification | Central Library | Central Library | Lower Floor | 09/04/2006 | 317.00 | 004.6 TOM | 000003991 | 15/07/2025 | 396.25 | Book - Borrowing |